00465 a2200121 4500001000900000005001700009008004100026245013100067100002300198700002300221700002800244773007100272ART_939620260410161559.0260409a 10aUn camino al ejercicio profesional sin fronteras, desde los puntos de partida de la formació y los códigos deontológicos1 aNeira, Graciela M.1 aFreire, Liliana B.1 aCanetti, Miguel Marcelo0 tProfesional & Empresariag- Año XIII, Nº 154 (jul. 2012)wREV70